00473nam a22001457a 4500010001500000020002600015035001400041037000900055082001200064100002300076245008900099260003900188270008000227300002000307 aENG-144887 a9789383165414c150.00 aEN-128419 bDBAD a181.499 aBanerjee, Jaganmoy aRabindranath & Sri Aurobindo- Two heavenly germs on earth/cJanganmoy Bandyopandhyay aCalcuttabSigma Publicationsc2018 aBarnaparichay Books Market, 1st Floor (AI) College StreetbCulcuttae700005 a80p.c22cm.(HB)